Aplikácia metód presného kovania pri výrobe vežového výkovku s podporou FEM simulácie
Guardado en:
| Autor principal: | |
|---|---|
| Otros Autores: | |
| Formato: | Manuscrito Libro |
| Lenguaje: | eslovaco |
| Publicado: |
2017
|
| Materias: | |
| Acceso en línea: | http://is.stuba.sk/zp/portal_zp.pl?podrobnosti=126149 |
| Etiquetas: |
Sin Etiquetas, Sea el primero en etiquetar este registro!
|
MARC
| LEADER | 00000ntm a22000003a 4500 | ||
|---|---|---|---|
| 001 | stuzp62181 | ||
| 003 | SK-STU | ||
| 005 | 20170610210456.0 | ||
| 007 | ta | ||
| 008 | 150427s2015----xo-----f-mn---000-0-slo-d | ||
| 040 | |a STU |b slo | ||
| 041 | 0 | |a slo | |
| 100 | 1 | |a Blaško, František |u 063000 |k Z4 |4 aut |U MTF Materiálovotechnologická fakulta |T MTF Ústav výrobných technológií |X 46813 |U M3000 |Y 83 |7 46813 | |
| 242 | 0 | 1 | |a Application of methods of precise forging in production of a tower forging with a support of an FEM simulation |y eng |
| 245 | 1 | 0 | |a Aplikácia metód presného kovania pri výrobe vežového výkovku s podporou FEM simulácie |
| 260 | |c 2017 | ||
| 650 | 4 | |a kovanie v uzavretej zápustke |2 slo | |
| 650 | 4 | |a ložiskové krúžky |2 slo | |
| 650 | 4 | |a vežový výkovok |2 slo | |
| 650 | 4 | |a FEM simulácia |2 slo | |
| 650 | 4 | |a technologický postup |2 slo | |
| 650 | 4 | |a closed die forging |2 eng | |
| 650 | 4 | |a bearing rings |2 eng | |
| 650 | 4 | |a tower forging |2 eng | |
| 650 | 4 | |a FEM simulation |2 eng | |
| 650 | 4 | |a technological process |2 eng | |
| 700 | 1 | |a Kapustová, Mária |u 063600 |k Z1 |4 ths |U MTF Ústav výrobných technológií |T MTF Katedra obrábania a tvárnenia |X 209 |U M3600 |Y 841 |7 A000000209 | |
| 856 | 4 | |u http://is.stuba.sk/zp/portal_zp.pl?podrobnosti=126149 | |
| 996 | |c M* DP-13074 |l MMSKP |s P |a 0 |w stuzp62181_0001 | ||